| 000 -LEADER |
| fixed length control field |
00364nam a2200121Ia 4500 |
| 008 - FIXED-LENGTH DATA ELEMENTS--GENERAL INFORMATION |
| fixed length control field |
190722s9999 xx 000 0 und d |
| 020 ## - INTERNATIONAL STANDARD BOOK NUMBER |
| International Standard Book Number |
978-93-325-1869-8 |
| 100 ## - MAIN ENTRY--PERSONAL NAME |
| Personal name |
Russell, Norvig |
| 245 #0 - TITLE STATEMENT |
| Title |
Artificial Intelligence (A Modern Approach) |
| 260 ## - PUBLICATION, DISTRIBUTION, ETC. (IMPRINT) |
| Place of publication, distribution, etc |
New Delhi |
| Name of publisher, distributor, etc |
Pearson (Indian Ed.) Pvt. Ltd. Dorling Kindersley Pvt. Ltd. |
| Date of publication, distribution, etc |
2014 |
| 300 ## - PHYSICAL DESCRIPTION |
| Extent |
1092 |
| 942 ## - ADDED ENTRY ELEMENTS (KOHA) |
| Koha item type |
Books |